| 000 | 00663nam a22002417a 4500 | ||
|---|---|---|---|
| 003 | LK-CoMWRAF | ||
| 005 | 20231030133753.0 | ||
| 008 | 231013b2004 |||||||| |||| 00| 0 eng d | ||
| 020 | _a0072557435 | ||
| 040 |
_aLK-CoMWRAF _dLK-CoMWRAF _eLK-CoMWRAF |
||
| 041 | _aeng | ||
| 082 |
_a362.29 _bRAY |
||
| 100 | _a Ray, Oakley Stern | ||
| 245 | _aDrugs, Society and Human Behavior | ||
| 250 | _a10th ed. | ||
| 260 |
_aBoston: _bMcGraw-Hill, _c2003 |
||
| 300 |
_axviii, 495 p. ,25cm. _bGlossary and index included |
||
| 650 | _aDRUGS OF ABUSE | ||
| 650 | _aDrugs -Social aspects | ||
| 650 | _aNeuropsychopharmacology | ||
| 700 | _aKsir, Charles | ||
| 942 | _cBK | ||
| 999 |
_c3846 _d3846 |
||